European Football Clubs by Logo - Statistics

General Stats
  • This quiz has been taken 231 times
    185 since last reset
  • The average score is 19 of 20
Answer Stats
Picture Answer % Correct
Arsenal FC
99%
Chelsea FC
99%
Liverpool FC
99%
Manchester City
99%
Manchester United
99%
AFC Ajax
98%
Paris Saint-Germain
98%
Tottenham Hotspur
98%
AS Roma
96%
FC Barcelona
96%
FC Bayern Munich
96%
Juventus FC
96%
SSC Napoli
96%
AC Milan
95%
Borussia Dortmund
95%
Real Madrid
95%
FC Internazionale Milano
93%
Atleticó Madrid
89%
FC Porto
89%
SL Benfica
82%
No matching quizzes found
Score Distribution
Percent of People with Each Score
Percentile by Number Answered
Your Score History
You have not taken this quiz since the last reset